000 003060000a22001330004500
050 4 _aCD 020
245 1 0 _aCódigo Civil Brevis
260 _aBogota : Leyer
001 13589
942 _cBK
999 _c42546
_d42546
336 _atexto
_btxt
_2rdacontent
337 _2rdamedia
_asin mediación
_bn
338 _2rdacarrier
_avolumen
_bnc